000 00921nam a2200277 a 4500
001 BRCA_5825
005 20190320205229.0
008 110311s1944----mx-a######---#000-0#spa-#
041 _aspa
044 _amx
050 4 _aN33
_b.A34 1944
100 1 _aAdeline, Jules
_914752
245 1 0 _aDiccionario de términos técnicos en Bellas Artes (arquitectura, escultura, pintura, etc.)
_cJ. Adeline y José Ramón Melida
250 _a2
260 _aMéxico
_bFuente de Cultura
_c1944
300 _a579 p.
_bil., grabados
_c20 cm.
500 _aContiene un suplemento por el Ing. Daniel Castañeda
500 _aDiccionario inventariado por Banco de México como libro
500 _aG35
650 1 4 _aArte
_vDiccionarios
_914753
650 1 4 _aArquitectura
_vDiccionarios
_914754
650 1 4 _aEnciclopedias y diccionarios
_99441
700 1 _aMelida, José Ramón
_eCoautor
_914755
902 _aGFM
942 _2lcc
_cB
999 _c5514
_d5514